| 000 | 00000nam##2200000za#4500 |
| 001 | 9.573509 |
| 003 | CaOODSP |
| 005 | 20210929082754 |
| 007 | cr ||||||||||| |
| 008 | 150406|1997||||xxc|||||o f|0| 0 eng|d |
| 040 | |aCaOODSP|beng |
| 043 | |an-cn--- |
| 086 | 1 |aFo29-6/79-1997E-PDF |
| 110 | 1 |aCanada. |bNatural Resources Canada. |bCanadian Forest Service. |
| 245 | 10|aYew big bud mite / |h[electronic resource]|cby R.W. Duncan, ... [et al.]. Issued by the Pacific Forestry Centre. |
| 260 | |aVictoria - British Columbia : |bNatural Resources Canada. |cMay 1997. |
| 300 | |a4p.|bmap, references, photographs |
| 490 | 1 |aForest pest leaflet|v79 |
| 500 | |aThe catalogue number (Fo29-6179-1997E) and ISBN (0-662-25727-8) for the print edition have been incorrectly copied in this electronic publication. |
| 590 | |a12-17-Supp|b2012-04-20 |
| 720 | 1 |aDuncan, R. W. |
| 776 | 0#|tYew big bud mite / |w(CaOODSP)9.613783 |
| 830 | #0|aForest pest leaflet ;|v79|w(CaOODSP)9.506908 |
| 856 | 40|ahttp://publications.gc.ca|qPDF|s3.18 MB|uhttps://publications.gc.ca/collections/collection_2012/rncan-nrcan/Fo29-6-79-1997-eng.pdf|y79 |